The Lord God made them all / (Record no. 232617)

000 -LEADER
fixed length control field 00801cam a2200253 i 4500
001 - CONTROL NUMBER
control field 2772771
003 - CONTROL NUMBER IDENTIFIER
control field Nust
005 - DATE AND TIME OF LATEST TRANSACTION
control field 20170221143159.0
008 - FIXED-LENGTH DATA ELEMENTS--GENERAL INFORMATION
fixed length control field 801209s1981 nyu 000 0aeng
010 ## - LIBRARY OF CONGRESS CONTROL NUMBER
LC control number 80029097
020 ## - INTERNATIONAL STANDARD BOOK NUMBER
International Standard Book Number 9780330443555
Terms of availability $13.95
040 ## - CATALOGING SOURCE
Original cataloging agency DLC
Transcribing agency DLC
Modifying agency DLC
043 ## - GEOGRAPHIC AREA CODE
Geographic area code e-uk-en
050 00 - LIBRARY OF CONGRESS CALL NUMBER
Classification number SF613.H44
Item number A34
082 00 - DEWEY DECIMAL CLASSIFICATION NUMBER
Classification number 636.0890924
Author Mark HER
100 1# - MAIN ENTRY--PERSONAL NAME
Personal name Herriot, James.
245 14 - TITLE STATEMENT
Title The Lord God made them all /
Statement of responsibility, etc. by James Herriot.
250 ## - EDITION STATEMENT
Edition statement 1st ed.
260 ## - PUBLICATION, DISTRIBUTION, ETC.
Place of publication, distribution, etc. New York :
Name of publisher, distributor, etc. St. Martin's Press,
Date of publication, distribution, etc. 1981.
300 ## - PHYSICAL DESCRIPTION
Extent 346 p. ;
Dimensions 22 cm.
600 10 - SUBJECT ADDED ENTRY--PERSONAL NAME
Personal name Herriot, James.
650 #0 - SUBJECT ADDED ENTRY--TOPICAL TERM
Topical term or geographic name entry element Veterinarians
Geographic subdivision England
-- Yorkshire
General subdivision Biography.
906 ## - LOCAL DATA ELEMENT F, LDF (RLIN)
a 7
b cbc
c orignew
d u
e ocip
f 19
g y-gencatlg
942 ## - ADDED ENTRY ELEMENTS (KOHA)
Source of classification or shelving scheme
Koha item type Book
Holdings
Withdrawn status Lost status Source of classification or shelving scheme Damaged status Not for loan Permanent Location Current Location Shelving location Date acquired Total Checkouts Total Renewals Full call number Barcode Date last seen Date last checked out Copy number Price effective from Koha item type
          Central Library (CL) Central Library (CL) Fiction 02/21/2017 3 2 636.0890924 HER CL1710 04/24/2022 12/16/2020 1 02/21/2017 Book
© 2023 Central Library, National University of Sciences and Technology. All Rights Reserved.